Martine and the hot-air balloon / (Record no. 7221)
[ view plain ]
| 000 -LEADER | |
|---|---|
| fixed length control field | 01645nam a22002777a 4500 |
| 001 - CONTROL NUMBER | |
| control field | 7221 |
| 003 - CONTROL NUMBER IDENTIFIER | |
| control field | FISKH |
| 005 - DATE AND TIME OF LATEST TRANSACTION | |
| control field | 20250703091528.0 |
| 008 - FIXED-LENGTH DATA ELEMENTS--GENERAL INFORMATION | |
| fixed length control field | 250703b cb ||||| |||| 00| 0 eng d |
| 020 ## - INTERNATIONAL STANDARD BOOK NUMBER | |
| International Standard Book Number | 9789350895535 |
| 040 ## - CATALOGING SOURCE | |
| Original cataloging agency | FISKH |
| Language of cataloging | eng |
| Transcribing agency | FISKH |
| Modifying agency | FISKH |
| 050 ## - LIBRARY OF CONGRESS CALL NUMBER | |
| Classification number | PZ7 |
| 082 ## - DEWEY DECIMAL CLASSIFICATION NUMBER | |
| Classification number | 823 |
| 100 ## - MAIN ENTRY--PERSONAL NAME | |
| Personal name | Delahaye, Gilbert |
| 245 ## - TITLE STATEMENT | |
| Title | Martine and the hot-air balloon / |
| Statement of responsibility, etc. | Gilbert Delahaye ; Marcel Marlier |
| 260 ## - PUBLICATION, DISTRIBUTION, ETC. | |
| Place of publication, distribution, etc. | New Delhi, |
| Name of publisher, distributor, etc. | Dreamland Publications ; |
| Date of publication, distribution, etc. | 2013. |
| 300 ## - PHYSICAL DESCRIPTION | |
| Extent | 20 pages : |
| Other physical details | color illustrations ; |
| Dimensions | 28 cm |
| 505 ## - FORMATTED CONTENTS NOTE | |
| Formatted contents note | L<br/> |
| 520 ## - SUMMARY, ETC. | |
| Summary, etc. | Young Martine and her brother Jean (or cousin Yann in the French original) are thrilled when their Uncle Harry, a hot‑air balloon pilot, invites them to join his Sunday balloon race. They eagerly climb aboard, and the balloon ascends over charming countryside scenes—windmills, forests, farms—as they float gracefully higher and higher. As they drift through the sky, Martine’s wonder grows. The siblings marvel at the changing landscapes and feel the thrill of the gentle breeze. The illustrations by Marcel Marlier beautifully capture their excitement and the serene aerial views.<br/>Ultimately, Uncle Harry pilots them safely to a landing on a sandy beach. The balloon touches down successfully, and their family celebrates: Uncle Harry wins the race, and Martine and Jean beam with pride and joy at their adventurous outing. |
| 521 8# - TARGET AUDIENCE NOTE | |
| Target audience note | 510<br/> |
| Source | Lexile estimate<br/> |
| 521 8# - TARGET AUDIENCE NOTE | |
| Target audience note | L<br/> |
| Source | Raz-Plus<br/> |
| 650 ## - SUBJECT ADDED ENTRY--TOPICAL TERM | |
| Topical term or geographic name entry element | Picture Book |
| Form subdivision | French Literature |
| General subdivision | Imagination |
| Chronological subdivision | Adventure |
| 700 ## - ADDED ENTRY--PERSONAL NAME | |
| Personal name | Marlier, Marcel |
| Relator term | illustrator |
| 942 ## - ADDED ENTRY ELEMENTS (KOHA) | |
| Source of classification or shelving scheme | Dewey Decimal Classification |
| Koha item type | Books |
| Suppress in OPAC | No |
| Withdrawn status | Lost status | Source of classification or shelving scheme | Damaged status | Not for loan | Collection | Home library | Current library | Shelving location | Date acquired | Total Checkouts | Full call number | Barcode | Date last seen | Date last checked out | Copy number | Price effective from | Koha item type |
|---|---|---|---|---|---|---|---|---|---|---|---|---|---|---|---|---|---|
| Dewey Decimal Classification | Juvenile Fiction | Footprints International School Library Network Toul Kork Campus | Footprints International School Library Network Toul Kork Campus | TK Primary Library Room(4th Floor), Bookcase 3&4, Shelves 17-32, Yellow Books | 07/03/2025 | 1 | DEL 823 PZ7 | 2025-1738 | 10/03/2025 | 09/12/2025 | 1 | 07/03/2025 | Books |
